000 00859cam a2200241 a 4500
001 740253
005 20241216124428.0
008 990419s2000 iau b 001 0 eng
020 _a0072287373
050 0 0 _aLB2825
_b.O315 2000
082 0 0 _a379.1/21/0973
_221
100 1 _aOdden, Allan.
245 1 0 _aSchool finance :
_ba policy perspective /
_cAllan R. Odden, Lawrence O. Picus.
250 _a2nd ed.
260 _aDubuque, IA. :
_bMcGraw-Hill,
_cc2000.
300 _axviii, 476 p. ;
_c25 cm.
650 0 _aEducation
_zUnited States
_xFinance.
650 0 _aEducation
_zUnited States
_xFinance
_xComputer simulation.
700 1 _aPicus, Larry,
_d1954-
856 4 2 _3Publisher description
_uhttp://www.loc.gov/catdir/description/mh023/99015558.html
856 4 1 _3Table of contents
_uhttp://www.loc.gov/catdir/toc/mh023/99015558.html
942 _2lcc
_cBK
_n0
999 _c2320
_d2320